Calculating construction damages (Record no. 103366)

MARC details
000 -LEADER
fixed length control field 00890cam a22003135a 4500
001 - CONTROL NUMBER
control field L125212
008 - FIXED-LENGTH DATA ELEMENTS--GENERAL INFORMATION
fixed length control field 040220s2007 xxu f v 000 0 eng u
020 ## - INTERNATIONAL STANDARD BOOK NUMBER
International Standard Book Number 9780735566934
035 ## - SYSTEM CONTROL NUMBER
System control number (Sirsi) u125212
041 ## - LANGUAGE CODE
Language code of text/sound track or separate title eng
050 ## - LIBRARY OF CONGRESS CALL NUMBER
Classification number 692.80973
-- 18
100 1# - MAIN ENTRY--PERSONAL NAME
Personal name Schwartzkopf, W.
245 00 - TITLE STATEMENT
Title Calculating construction damages
Remainder of title 2007 cumulative supplement
250 ## - EDITION STATEMENT
Edition statement 2nd ed.
260 ## - PUBLICATION, DISTRIBUTION, ETC.
Place of publication, distribution, etc. New York
Name of publisher, distributor, etc. Aspen
Date of publication, distribution, etc. 2007
300 ## - PHYSICAL DESCRIPTION
Extent ix, 183p.
Dimensions 26cm.
490 ## - SERIES STATEMENT
Series statement Aspen Construction Law Series
520 ## - SUMMARY, ETC.
Summary, etc. 2007 Cumulative supplement for "Calculating construction damages" second edition (0735514801).
650 ## - SUBJECT ADDED ENTRY--TOPICAL TERM
Topical term or geographic name entry element UNITED STATES
650 ## - SUBJECT ADDED ENTRY--TOPICAL TERM
Topical term or geographic name entry element DAMAGES
650 ## - SUBJECT ADDED ENTRY--TOPICAL TERM
Topical term or geographic name entry element COSTS
650 ## - SUBJECT ADDED ENTRY--TOPICAL TERM
Topical term or geographic name entry element Insurance
9 (RLIN) 6249
650 ## - SUBJECT ADDED ENTRY--TOPICAL TERM
Topical term or geographic name entry element CLAIMS
650 ## - SUBJECT ADDED ENTRY--TOPICAL TERM
Topical term or geographic name entry element Contracts
9 (RLIN) 6232
650 ## - SUBJECT ADDED ENTRY--TOPICAL TERM
Topical term or geographic name entry element DAMAGES CLAIM
690 ## - LOCAL SUBJECT ADDED ENTRY--TOPICAL TERM (OCLC, RLIN)
Topical term or geographic name as entry element Construction management
9 (RLIN) 6230
700 ## - ADDED ENTRY--PERSONAL NAME
Personal name McNamara, J.
942 ## - ADDED ENTRY ELEMENTS (KOHA)
Suppress in OPAC 0

No items available.